Money Banking and International trade (Record no. 2718)
[ view plain ]
| 000 -LEADER | |
|---|---|
| fixed length control field | 00292nam a22001217a 4500 |
| 020 ## - INTERNATIONAL STANDARD BOOK NUMBER | |
| International Standard Book Number | 9789327241099 |
| 082 ## - DEWEY DECIMAL CLASSIFICATION NUMBER | |
| Classification number | 332.1 |
| 100 ## - MAIN ENTRY--PERSONAL NAME | |
| Personal name | R.R.Paul |
| 245 ## - TITLE STATEMENT | |
| Title | Money Banking and International trade |
| 260 ## - PUBLICATION, DISTRIBUTION, ETC. | |
| Place of publication, distribution, etc. | Ludhayana |
| Name of publisher, distributor, etc. | Kalyani publishers |
| Date of publication, distribution, etc. | 1996. |
| 300 ## - PHYSICAL DESCRIPTION | |
| Extent | Different pages |
| 942 ## - ADDED ENTRY ELEMENTS (KOHA) | |
| Koha item type | Book |
| Withdrawn status | Lost status | Damaged status | Not for loan | Collection code | Permanent Location | Current Location | Shelving location | Date acquired | Total Checkouts | Full call number | Barcode | Date last seen | Price effective from | Koha item type |
|---|---|---|---|---|---|---|---|---|---|---|---|---|---|---|
| Central Library (CL) | Central Library (CL) | General Stacks | 03/16/2016 | 332.1 PAU | S3H-S-416 | 03/16/2016 | 03/16/2016 | Book | ||||||
| Central Library (CL) | Central Library (CL) | General Stacks | 07/28/2016 | 332.1 PAU | S3H-S-595 | 07/28/2016 | 07/28/2016 | Book |
